1145 1395 1082 1611 1203 1026 1371 1659 1494 1036 1711 1228 1452 1299 1671 1851 1770 1013 1021 1261 1503 1079 1432 1662 1665 1448 1013 1761 1028 1903 1866 1516 2000 1488 1152 1247 1036 1530 1065 1395 1890 1106 1518 1368 1928 1246 1024 1428 1290 1046 1665 1098 1620 1170 1820 1414 1408 1612 1387 1473 1251 1108 1480 1300 1453 1212 1640 1820 1939 1944 1555 1468 1879 1890 1060 1581 1080 1588 1225 1331 1235 1796 1855 1134 1605 1552 1437 1123 1100 1583 1375 1474 1853 1016 1951 1757 1892 1060 1168 BCNSPRNW ULIB Ver.6.0+V

เปลี่ยนเป็นภาษาไทย

Change to English
 แสดงรายละเอียดบรรณานุกรม
  กลับหน้าหลัก

Brief Record : Get Marc (ISO 2709) : E-mail record : QR code < ปิดหน้าต่าง
LEADER : 00000nam 2200000uu 4500
001    13399111944
003     ULIB
008    110712s2546||||th 000 0 tha d
020    9748212769
050  4 DS589N61^bน739น 2546
100 0  นุศจี ทวีวงศ์
245 10 นนทบุรี/^cนุศจี ทวีวงศ์
260    กรุงเทพฯ :^bสารคดี,^c[2546]
300    146 หน้า :^bภาพประกอบ, แผนที่ :^c21 ซม.
490 0  "นายรอบรู้" นักเดินทาง
651  7 ไทย (ภาคกลาง)^xความเป็นอยู่และประเพณี
651  7 ไทย (ภาคกลาง)^xภูมิประเทศและการท่องเที่ยว
651  7 นนทบุรี^xความเป็นอยู่และประเพณี
651  7 นนทบุรี^xภูมิประเทศและการท่องเที่ยว
651  7 นนทบุรี^xโบราณสถาน
945    ^p95^l0^i015898
995    ทศพร
999 ^a ใช้งานได้ทุกระบบ
รายการนี้ยังไม่มีแท็ก
คุณยังไม่ได้ล็อกอิน คุณสามารถมีกิจกรรมร่วมกับเว็บไซต์ได้ แต่ต้องล็อกอินก่อน ::
  ล็อกอิน

รายการสื่อสารสนเทศ

ลำดับที่ ประเภท เลขเรียก/บาร์โค้ด สถานที่ สถานะ
- ไม่พบข้อมูล -

BibComment


ยังไม่เคยถูกคอมเมนท์

คอมเมนท์ทรัพยากรรายการนี้
  คอมเมนท์: นนทบุรี นุศจี ทวี..


 Copyright 2026. Bcnsprnw @Library